000 00726nam a22002417a 4500
001 101281
003 UA-OsUOA
005 20230913161838.0
007 ta
008 20130612b un ||||| |||| 00| 0 ukr d
040 _aUA-OsUOA
_brus
_cUA-OsUOA
_dUA-OsUOA
041 _arus
080 _a031
090 _a031
_bБ79
245 _aБольшая советская энциклопедия
_cглав. ред. Б. А. Введенский
260 _aМ.
_bБольшая советская энциклопедия
_c1953
300 _a627 с.
505 _gТ. 22
650 7 _a0 Загальний відділ.
_2UDC
942 _cBK
_2udc
955 _a1
999 _c387461
_d387461